Statistiken für Top-10-Singles von U2

Klicken Sie hier um das Quiz zu spielen!

Allgemein

  • Dieses Quiz wurde 30 mal gespielt
  • Das Durchschnittsergebnis liegt bei 3 aus 10

Antwortstatistiken

ErscheinungsjahrTitel% Korrekt
1987With Or Without You
80%
2006One (feat. Mary J. Blige)
57%
2000Beautiful Day
47%
2004Vertigo
47%
1988Desire
30%
1995Hold Me, Thrill Me, Kiss Me, Kill Me
20%
1991The Fly
17%
1997Discothèque
13%
2006The Saints Are Coming
10%
2002Electrical Storm
3%

Verteilung der Resultate

Perzentil nach korrekt beantworteten Fragen

Anzahl Personen mit jedem Resultat

Ihre Resultats-Entwicklung

Sie haben dieses Quiz noch nicht gespielt